La comunicación efectiva

保存先:
書誌詳細
第一著者: Báez Evertsz, Carlos J.
フォーマット: テキスト
出版事項: Santo Domingo: Instituto Tecnológico de Santo Domingo
タグ: タグ追加
タグなし, このレコードへの初めてのタグを付けませんか!

MARC

LEADER 00000 a a2200000 04500
001 25987
003
040
090 |a 182600  
100 |a Báez Evertsz, Carlos J.  
245 |a La comunicación efectiva  
260 |a Santo Domingo:   |b Instituto Tecnológico de Santo Domingo  
300 |a 280 p.   |b **no definido**   |b fonodiscos   |b escudos de armas   |b **no definido**  
999 |c 6710  |d 6710